Wszystkie Reprezentacje Które kiedykolwiek były na podium Copa America - Statystyki

Ogólne statystyki
  • Ten quiz został rozwiązany 253 razy
    229 od ostatniego zresetowania
  • Średni wynik to 8 z 10
Statystyki odpowiedzi
# Odpowiedź 1m. 2m. 3m. razem medali % Poprawnych
1 Argentyna 15 14 5 34
100%
3 Brazylia 9 12 7 28
99%
7 Kolumbia 1 1 5 7
96%
5 Chile 2 4 5 11
95%
2 Urugwaj 15 6 9 30
95%
6 Peru 2 1 8 11
91%
9 Boliwia 1 1 0 2
86%
4 Paragwaj 2 6 7 15
86%
8 Meksyk 0 2 3 5
69%
10 Honduras 0 0 1 1
26%
Nie znaleziono quizów pasujących do podanych kryteriów
Rozkład punktacji
Procent ludzi z każdym wynikiem
Percentyl według liczby udzielonych odpowiedzi
Twoja historia wyników
Nie rozwiązałeś tego quizu od ostatniego zresetowania